Principios de administración /

שמור ב:
מידע ביבליוגרפי
מחבר ראשי: Terry, George R. (autor)
מחברים אחרים: Vasseur Walls, Alfonso, (traducción) (traducción)
פורמט: ספר
שפה:ספרדית
יצא לאור: México : CECSA, 1978, c1971
תגים: הוספת תג
אין תגיות, היה/י הראשונ/ה לתייג את הרשומה!

MARC

LEADER 00000nam^a2200000^a^4500
001 000559351
005 20250526000000.0
009 20260310131840.421
037 |a Acervo ITESO - Biblioteca 
041 |a ESP 
091 |a FHA. 02323 
100 |a Terry, George R.  |e (autor) 
245 1 0 |a Principios de administración / 
264 4 |a México :  |b CECSA,  |c 1978, c1971 
300 |a 879 p. ;  |c 22.5 cm. 
336 |a texto  |b txt  |2 rdacontenido 
337 |a sin mediación  |b n  |2 rdamedio 
338 |a volumen  |b nc  |2 rdasoporte 
515 |a Inventario familia Hartung: 3172 
649 |a XX 
700 |a Vasseur Walls, Alfonso,  |e (traducción) 
910 |a Fondo Horst Hartung Franz 
920 |a Impresos - Libros 
930 |a Libros Antiguos y Raros 
905 |a 135 
901 |a 0500331904  |b IT2  |c LRA  |i D  |u 20250526 
902 |a https://opac.biblio.iteso.mx/vufind/Record/000559351